NATO-members - Sudden Death - Statistics

General Stats
  • This quiz has been taken 122 times
  • The average score is 18 of 31
Answers on the Grid
Answers color-coded by a green-red scale on the quiz's grid according to % correct below.
Albania
Andorra
Austria
Belarus
Belgium
Bulgaria
Canada
Cuba
Chile
Croatia
Czechia
Cyprus
Denmark
Estonia
Egypt
Finland
France
Germany
Georgia
Greece
Hungary
Iceland
Israel
Italy
Latvia
Lebanon
Lithuania
Luxembourg
Montenegro
Morocco
The Netherlands
North-Macedonia
Norway
Poland
Portugal
Slovakia
Singapore
Slovenia
Spain
Sweden
Switzerland
Turkey
United Kingdom
United States of
America
 
Answer Stats
Answer % Correct
United States of
America
75%
United Kingdom
73%
Belgium
71%
France
71%
Germany
69%
Spain
66%
Turkey
66%
Italy
63%
Poland
63%
Sweden
63%
Denmark
61%
Finland
61%
The Netherlands
61%
Canada
60%
Greece
58%
Estonia
56%
Czechia
55%
Portugal
55%
Latvia
54%
Norway
54%
Iceland
51%
Luxembourg
50%
Hungary
49%
Lithuania
49%
Albania
48%
Slovenia
48%
Slovakia
46%
Bulgaria
45%
Croatia
44%
North-Macedonia
38%
Montenegro
35%
No matching quizzes found
Score Distribution
Percent of People with Each Score
Percentile by Number Answered
Your Score History
You have not taken this quiz